Born in Orlando/Florida - Statistics

General Stats
  • This quiz has been taken 28 times
    16 since last reset
  • The average score is 4 of 13
Answer Stats
Hint Answer % Correct
Actor, "Blade" "White Men Can't Jump" "Demolition Man" 1962 Wesley Snipes
86%
GM of the Oakland Athletics from 1997 to 2016, now minority owner of the Oakland A's, Barnsley FC and AZ Alkmaar, he is portrayed by Brad Pitt in "Moneyball" 1962 Billy Beane
57%
Former running back who played for the Titans, Jets and Cardinals, he holds the record for most scrimmage yards in a season 1985 Chris Johnson
43%
Ice hockey center who plays for the New Jersey Devils and was drafted first overall in 2019 2001 Jack Hughes
29%
Ice hockey defenseman who plays for the Minnesota Wild and won the trophy for the NHL's best defenseman in 2024 1999 Quinn Hughes
29%
Actress best known for her role as Enid Sinclair in "Wednesday" 2002 Emma Myers
14%
Singer, co-founder and member of the Backstreet Boys 1973 Howie Dorough
14%
Actor, "The Inspection" "Hollywood" 1992 Jeremy Pope
14%
Actress, "Ant-Man and the Wasp: Quantumania" "Abigail" "Big Little Lies" "The Society" 1997 Kathryn Newton
14%
Actor, known for his roles as Guillermo in "The Walking Dead" and DJ Yella in "Straight Outta Compton" 1980 Neil Brown Jr.
14%
Manager of the St. Louis Cardinals since 2022 1986 Oliver Marmol
14%
Shortstop who plays for the St. Louis Cardinals 1993 Paul DeJong
14%
Defensive end who plays for the Cincinnati Bengals 1994 Trey Hendrickson
14%
No matching quizzes found
Score Distribution
Percent of People with Each Score
Percentile by Number Answered
Your Score History
You have not taken this quiz since the last reset